Online Catalogue and eLibrary

Constructing a sociology of the arts / (Record no. 307)

MARC details
000 -LEADER
fixed length control field 00720cam a2200229 a 4500
001 - CONTROL NUMBER
control field 3400316
005 - DATE AND TIME OF LATEST TRANSACTION
control field 20240206045844.0
008 - FIXED-LENGTH DATA ELEMENTS--GENERAL INFORMATION
fixed length control field 890728s1990 enk b 001 0 eng
020 ## - INTERNATIONAL STANDARD BOOK NUMBER
ISBN 0521351464
020 ## - INTERNATIONAL STANDARD BOOK NUMBER
ISBN 0521359597 (pbk.)
040 ## - CATALOGING SOURCE (பட்டியலாக்க மூலம்)
Original cataloging agency DLC
Transcribing agency DLC
Modifying agency DLC
082 00 - DDC Classification
Class No. 306.4
DDC Edition Number 20
Item Number - Author Mark CON.
100 1# - MAIN ENTRY--PERSONAL NAME
Personal name Zolberg, Vera L.
245 10 - TITLE STATEMENT
Title Constructing a sociology of the arts /
Statement of responsibility, etc. Vera L. Zolberg.
260 ## - PUBLICATION, DISTRIBUTION, ETC.
Place of publication, distribution, etc. Cambridge ;
-- New York :
Name of publisher, distributor, etc. Cambridge University Press,
Date of publication, distribution, etc. 1990.
300 ## - PHYSICAL DESCRIPTION
Extent (e.g. Volumes, Pages etc.) xii, 252 p. ;
490 1# - SERIES STATEMENT
Series statement Contemporary sociology
650 #0 - SUBJECT ADDED ENTRY--TOPICAL TERM
Topical term or geographic name entry element Art and society.
856 42 - ELECTRONIC LOCATION AND ACCESS
Uniform Resource Identifier <a href="http://www.loc.gov/catdir/description/cam024/89038446.html">http://www.loc.gov/catdir/description/cam024/89038446.html</a>
856 41 - ELECTRONIC LOCATION AND ACCESS
Uniform Resource Identifier <a href="http://www.loc.gov/catdir/toc/cam022/89038446.html">http://www.loc.gov/catdir/toc/cam022/89038446.html</a>
942 ## - Koha item type (Biblio)
Koha item type Books in Stacks (Lending)
Holdings
Lost status Damaged status Collection code Home library Current library Date acquired Full call number Accession Number Item type
    Lending WERC Library WERC Library 02/06/2024 306.4 CON. 632 Books in Stacks (Lending)

© WERC Library